000 01119aam a2200253 a 4500
008
020 _a085298765X (pbk.)
049 _aMAIN
090 0 _aTJ759 COM
111 _aComputers in engine technology
_d(1991 September 10-12 :
_ccambridge, UK)
245 0 0 _aComputers in engine technology :
_binternational conference, 10-12 September 1991, Robinson College, University of Cambridge /
_csponsored by Combustion Engines Group of the Institution of Mechanical Engineers.
260 _aCambridge :
_bPublished for IMechE by Mechanical Engineering Publications,
_c1991.
300 _a288 p. :
_bill. ;
_c30 cm.
440 _aProceedings of the Institution of Mechanical Engineers.
440 _aIMechE ;
_v1991-11.
504 _aIncludes bibliographical references.
650 0 _aInternal combustion engines
_xData processing
_xCongresses.
710 2 _aInstitution of Mechanical Engineers (Great Britain).
_bCombustion Engines Group.
907 _a.b1022953x
_b26-03-07
_c08-02-07
003
005 20230123134350.0
040 _cNUST
942 _cBOOKS
_kTJ759 COM
999 _c164639
_d164639